Top Ten Letters in Element Names - Sudden Death - Statistics

General Stats
  • This quiz has been taken 63 times
  • The average score is 5 of 10
Answer Stats
Frequency Answer % Correct
49 A
82%
118 I
69%
66 E
67%
107 M
64%
103 U
64%
58 O
47%
78 N
44%
63 R
33%
47 T
29%
41 L
20%
No matching quizzes found
Score Distribution
Percent of People with Each Score
Percentile by Number Answered
Your Score History
You have not taken this quiz